| 000 | 00363nam a2200157Ia 4500 | ||
|---|---|---|---|
| 003 | OSt | ||
| 005 | 20240222115109.0 | ||
| 008 | 170524s9999 xx 000 0 und d | ||
| 020 | _a9393316074, | ||
| 040 | _cIIMT UNIVERSITY | ||
| 100 | _aKaur- H. | ||
| 245 | 0 | _aTheory & Pratice of Home Management | |
| 260 | _bSurjeet Pub. | ||
| 260 | _c2004 | ||
| 942 |
_2ddc _c02 |
||
| 999 |
_c6504 _d6504 |
||